000 00999nam a2200277Ia 4500
003 OSt
005 20220923224313.0
006 a|||||r|||| 00| 0
007 ta
008 tam
024 _a230,768
037 _cTextual
040 _aARTS
_cARTS
_btam
041 _2tam
_atam
082 _aO31,1G25:g, 152M9
100 _aमहाराजन, एस.; वर्मा, महेन्द्र कुमार, अनु.
_9167888
245 0 _aकम्बन्
246 _aKamban
260 _aनई दिल्ली
_b साहित्य अकादमी
_c1989
300 _a85पृ0
_ccm.
490 _aभारतीय साहित्य के निर्माता
650 _a तमिल साहित्य
650 _aतमिल कविता
942 _hO31,1G25:g, 152M9
_cTEXL
_2CC
999 _c370513
_d370513